000 00442nam a2200181Ia 4500
008 230711s9999||||xx |||||||||||||| ||und||
020 _a978-0-7148-4809-9
041 _aENG
082 _a720
_bMC-U
100 _aMcCarter,Robert
245 0 _aUnderstanding Architecture
250 _a1st Ed.
260 _c2012
_aNew York
_bPhaidon Press Limited
300 _a447p.
650 _aArchitecture
700 _aPallasmaa,Juhani
942 _cBK
999 _c6804
_d6804